WWE WrestleMania XIX Match Card - Statistics

General Stats
  • This quiz has been taken 26 times
  • The average score is 26 of 28
Answer Stats
Match type Wrestler % Correct
Handicap Big Show
100%
Singles Booker T
100%
Tag team Kane
100%
Street Fight Mr. McMahon
100%
Tag team Rob Van Dam
100%
Singles Shawn Michaels
100%
Singles "Stone Cold" Steve Austin
100%
Handicap The Undertaker
100%
Singles Triple H
100%
Singles Brock Lesnar
95%
Tag team Chavo
95%
Singles Chris Jericho
95%
Tag team Eddie
95%
Singles Kurt Angle
95%
Singles Matt Hardy
95%
Singles The Rock
95%
Handicap A-Train
89%
Tag team Charlie Haas
89%
Tag team Chris Benoit
89%
Singles Rey Mysterio
89%
Tag team Shelton Benjamin
89%
Street Fight Hulk Hogan
84%
Triple threat Trish Stratus
84%
Tag team Lance Storm
79%
Tag team Rhyno
79%
Triple threat Victoria
79%
Triple threat Jazz
74%
Tag team Chief Morley
68%
No matching quizzes found
Score Distribution
Percent of People with Each Score
Percentile by Number Answered
Your Score History
You have not taken this quiz